000 01221cam a2200277 i 4500
003 SA-RiAUC
005 20250915062912.0
008 250912s1987 ku g f00000cara c
040 _aQA-DoQUL
_bara
_cSA-RiAUC
_erda
082 0 4 _a924.1
090 _a924.1
_bف ي ر
100 1 _aالفيروزآبادي، محمد بن يعقوب بن محمد،
_d729-817 هجري
_eمؤلف.
245 1 2 _aالبلغة في تراجم أئمة النحو واللغة /
_cتصنيف مجد الدين محمد بن يعقوب الفيروزآبادي ؛ تحقيق محمد المصري.
246 3 0 _aأئمة النحو واللغة
264 1 _aالكويت :
_bمركز المخطوطات والتراث،
_c1987.
300 _a255 صفحة ؛
_c24 سم.
336 _aنص
_btxt
_2rdacontent
_3كتاب
337 _aبدون وسيط
_bn
_2rdamedia
338 _aمجلد
_bnc
_2rdacarrier
490 0 _aإصدرات جمعية إحياء التراث الإسلامي ؛
_v1
650 7 _aاللغويون العرب
_vتراجم
_2aucsh
650 7 _aالنحاة العرب
_vتراجم
_2aucsh
700 1 _aالمصري، محمد
_eمحقق.
942 _2ddc
_cBOOK
_n0
949 _aSA-JeALM
_d250912
_umohamedma123
_n1
999 _c11743
_d11743